Nghiên cứu ứng dụng công nghệ Unitank xử lý nước thải khu công nghiệp - KCN Hòa Phú Tỉnh Đaklak công suất 2900m2ngày : Luận văn Thạc sỹ chuyên ngành : Công nghệ môi trường

Guardat en:
Dades bibliogràfiques
Autor principal: Lê Hồng Vĩnh
Format: Luận văn
Idioma:Undetermined
Publicat: Trường Đại học Công Nghiệp Tp. Hồ Chí Minh 2013
Matèries:
Etiquetes: Afegir etiqueta
Sense etiquetes, Sigues el primer a etiquetar aquest registre!
Thư viện lưu trữ: Trung tâm Thư viện - Trường Đại học Công nghiệp TP. Hồ Chí Minh
LEADER 00746nam a2200157Ia 4500
001 UIH_00966
008 230809s9999 xx 000 0 und d
082 |a 628.3 
100 |a Lê Hồng Vĩnh 
245 0 |a Nghiên cứu ứng dụng công nghệ Unitank xử lý nước thải khu công nghiệp - KCN Hòa Phú Tỉnh Đaklak công suất 2900m2ngày : Luận văn Thạc sỹ chuyên ngành : Công nghệ môi trường 
245 0 |c Lê Hồng Vĩnh 
260 |b Trường Đại học Công Nghiệp Tp. Hồ Chí Minh 
260 |c 2013 
650 |a Nước thải; 
927 |a Luận văn 
980 |a Trung tâm Thư viện - Trường Đại học Công nghiệp TP. Hồ Chí Minh